[Event "DEM U10 2024"]
[Site "Willingen GER"]
[Date "2024.05.25"]
[Round "11"]
[White "Barsov, Mikhail"]
[Black "Fattori Dittmar, Luca"]
[Result "0-1"]
[Termination "normal"]
[Board "10"]
[WhiteElo "1708"]
[BlackElo "1782"]
[WhiteClock "01:01:07"]
[BlackClock "01:06:45"]
[PlyCount "40"]
[WhiteFideId "34623906"]
[BlackFideId "34678883"]
[EventCountry "GER"]
[EventRounds "11"]
[EventType "swiss"]
[EventDate "2024.05.18"]

1. c4 {[%clk 01:15:58]} {[%emt 00:00:02]} e5 {[%clk 01:15:50]} {[%emt
00:00:10]} 2. Nc3 {[%clk 01:16:25]} {[%emt 00:00:03]} Nc6 {[%clk 01:16:07]}
{[%emt 00:00:13]} 3. g3 {[%clk 01:16:48]} {[%emt 00:00:07]} g6 {[%clk
01:16:32]} {[%emt 00:00:05]} 4. Bg2 {[%clk 01:17:14]} {[%emt 00:00:04]} Bg7
{[%clk 01:16:54]} {[%emt 00:00:06]} 5. e4 {[%clk 01:17:30]} {[%emt 00:00:15]}
Nge7 {[%clk 01:17:15]} {[%emt 00:00:09]} 6. Nge2 {[%clk 01:17:45]} {[%emt
00:00:15]} d6 {[%clk 01:17:30]} {[%emt 00:00:16]} 7. O-O {[%clk 01:17:48]}
{[%emt 00:00:26]} Be6 {[%clk 01:17:53]} {[%emt 00:00:07]} 8. d3 {[%clk
01:18:07]} {[%emt 00:00:11]} O-O {[%clk 01:18:04]} {[%emt 00:00:19]} 9. Nd5
{[%clk 01:15:46]} {[%emt 00:02:52]} h6 {[%clk 01:18:05]} {[%emt 00:00:28]} 10.
Rb1 {[%clk 01:12:28]} {[%emt 00:03:50]} a5 {[%clk 01:17:32]} {[%emt 00:01:02]}
11. f4 {[%clk 01:10:43]} {[%emt 00:02:15]} f5 {[%clk 01:15:48]} {[%emt
00:02:13]} 12. Be3 {[%clk 01:10:07]} {[%emt 00:01:06]} exf4 {[%clk 01:15:07]}
{[%emt 00:01:12]} 13. Nexf4 {[%clk 01:09:19]} {[%emt 00:01:18]} Bf7 {[%clk
01:14:02]} {[%emt 00:01:35]} 14. Qd2 {[%clk 01:08:45]} {[%emt 00:01:03]} g5
{[%clk 01:13:35]} {[%emt 00:00:57]} 15. Nxe7+ {[%clk 01:08:39]} {[%emt
00:00:37]} Nxe7 {[%clk 01:12:55]} {[%emt 00:01:09]} 16. Ne2 {[%clk 01:05:33]}
{[%emt 00:03:35]} fxe4 {[%clk 01:12:22]} {[%emt 00:01:04]} 17. Bxe4 {[%clk
01:05:28]} {[%emt 00:00:35]} d5 {[%clk 01:09:11]} {[%emt 00:03:43]} 18. cxd5
{[%clk 01:03:10]} {[%emt 00:02:47]} Nxd5 {[%clk 01:07:42]} {[%emt 00:01:59]}
19. Nc3 {[%clk 01:00:53]} {[%emt 00:02:46]} Nxe3 {[%clk 01:06:22]} {[%emt
00:01:51]} 20. Qxe3 {[%clk 01:01:07]} {[%emt 00:00:15]} Bd4 {[%clk 01:06:45]}
{[%emt 00:00:07]} 0-1

[Event "DEM U10 2024"]
[Site "Willingen GER"]
[Date "2024.05.25"]
[Round "11"]
[White "Ding, Jerry Yunjie"]
[Black "Kjulbassanoff, Kilian"]
[Result "0-1"]
[Termination "normal"]
[Board "11"]
[WhiteElo "1650"]
[BlackElo "1411"]
[WhiteClock "00:23:48"]
[BlackClock "00:45:11"]
[PlyCount "78"]
[WhiteFideId "34614869"]
[BlackFideId "533001804"]
[EventCountry "GER"]
[EventRounds "11"]
[EventType "swiss"]
[EventDate "2024.05.18"]

1. d4 {[%clk 01:15:58]} {[%emt 00:00:01]} Nf6 {[%emt 00:00:04]} 2. c4 {[%clk
01:16:24]} {[%emt 00:00:03]} c5 {[%clk 01:16:24]} {[%emt 00:00:04]} 3. d5
{[%clk 01:16:48]} {[%emt 00:00:06]} g6 {[%clk 01:16:49]} {[%emt 00:00:05]} 4.
Nc3 {[%clk 01:17:08]} {[%emt 00:00:09]} Bg7 {[%clk 01:17:15]} {[%emt 00:00:04]}
5. e4 {[%clk 01:17:22]} {[%emt 00:00:16]} d6 {[%clk 01:17:44]} {[%emt
00:00:01]} 6. h3 {[%clk 01:17:45]} {[%emt 00:00:07]} Na6 {[%clk 01:17:57]}
{[%emt 00:00:18]} 7. Be3 {[%clk 01:16:38]} {[%emt 00:01:37]} Nc7 {[%clk
01:18:17]} {[%emt 00:00:11]} 8. Qd2 {[%clk 01:16:18]} {[%emt 00:00:49]} a6
{[%clk 01:18:27]} {[%emt 00:00:20]} 9. a4 {[%clk 01:16:01]} {[%emt 00:00:46]}
b6 {[%clk 01:18:52]} {[%emt 00:00:06]} 10. Nge2 {[%clk 01:15:01]} {[%emt
00:01:29]} Bd7 {[%clk 01:18:55]} {[%emt 00:00:28]} 11. a5 {[%clk 01:07:25]}
{[%emt 00:08:06]} b5 {[%clk 01:19:08]} {[%emt 00:00:16]} 12. Ng3 {[%clk
01:07:16]} {[%emt 00:00:39]} bxc4 {[%emt 00:01:03]} 13. Bxc4 {[%clk 01:07:24]}
{[%emt 00:00:20]} Nb5 {[%clk 01:18:57]} {[%emt 00:00:11]} 14. O-O {[%clk
01:06:08]} {[%emt 00:01:45]} Nxc3 {[%clk 01:19:10]} {[%emt 00:00:18]} 15. bxc3
{[%clk 01:05:46]} {[%emt 00:00:52]} Bb5 {[%clk 01:19:14]} {[%emt 00:00:26]} 16.
Bd3 {[%clk 01:05:12]} {[%emt 00:01:03]} O-O {[%clk 01:18:02]} {[%emt 00:01:43]}
17. f4 {[%clk 01:04:30]} {[%emt 00:01:12]} Bxd3 {[%clk 01:17:33]} {[%emt
00:00:58]} 18. Qxd3 {[%clk 01:04:30]} {[%emt 00:00:30]} Qd7 {[%clk 01:17:07]}
{[%emt 00:00:57]} 19. f5 {[%clk 01:03:08]} {[%emt 00:01:52]} Qb5 {[%clk
01:16:28]} {[%emt 00:01:09]} 20. Qd2 {[%clk 01:01:31]} {[%emt 00:02:06]} Qc4
{[%clk 01:16:11]} {[%emt 00:00:47]} 21. fxg6 {[%clk 00:57:52]} {[%emt
00:04:09]} fxg6 {[%clk 01:15:32]} {[%emt 00:01:10]} 22. Qc2 {[%clk 00:57:54]}
{[%emt 00:00:28]} Nd7 {[%clk 01:12:20]} {[%emt 00:03:41]} 23. Rfc1 {[%clk
00:57:23]} {[%emt 00:01:01]} Rab8 {[%clk 01:11:04]} {[%emt 00:01:47]} 24. Ra3
{[%clk 00:56:34]} {[%emt 00:01:19]} Rf7 {[%clk 01:10:10]} {[%emt 00:01:24]} 25.
Bg5 {[%clk 00:55:00]} {[%emt 00:02:04]} Be5 {[%clk 01:08:49]} {[%emt 00:01:52]}
26. Ne2 {[%clk 00:54:42]} {[%emt 00:00:47]} Nf6 {[%clk 01:06:45]} {[%emt
00:02:35]} 27. Bxf6 {[%clk 00:53:50]} {[%emt 00:01:21]} Rxf6 {[%clk 01:06:14]}
{[%emt 00:01:01]} 28. Re1 {[%clk 00:50:19]} {[%emt 00:04:00]} Rb5 {[%clk
01:00:02]} {[%emt 00:06:43]} 29. Nc1 {[%clk 00:46:17]} {[%emt 00:04:32]} Rf8
{[%clk 00:55:35]} {[%emt 00:04:57]} 30. Nd3 {[%clk 00:46:30]} {[%emt 00:00:16]}
Bg3 {[%clk 00:53:33]} {[%emt 00:02:33]} 31. Re3 {[%clk 00:45:14]} {[%emt
00:01:45]} Bh4 {[%clk 00:49:37]} {[%emt 00:04:26]} 32. Re2 {[%clk 00:45:28]}
{[%emt 00:00:17]} Rfb8 {[%clk 00:49:13]} {[%emt 00:00:53]} 33. Ra2 {[%clk
00:43:45]} {[%emt 00:02:13]} Bg3 {[%clk 00:46:35]} {[%emt 00:03:08]} 34. Nc1
{[%clk 00:43:13]} {[%emt 00:01:02]} Rb1 {[%clk 00:44:30]} {[%emt 00:02:36]} 35.
Qd2 {[%clk 00:31:59]} {[%emt 00:11:44]} Qxa2 {[%clk 00:44:22]} {[%emt
00:00:38]} 36. Qd1 {[%clk 00:30:04]} {[%emt 00:02:24]} Qxe2 {[%clk 00:44:30]}
{[%emt 00:00:21]} 37. Qxe2 {[%clk 00:30:03]} {[%emt 00:00:32]} Rxc1+ {[%clk
00:44:51]} {[%emt 00:00:09]} 38. Qf1 {[%clk 00:30:31]} {[%emt 00:00:02]} Rbb1
{[%clk 00:45:11]} {[%emt 00:00:10]} 39. Qxc1 {[%clk 00:23:48]} {[%emt
00:07:13]} Rxc1# {[%emt 00:00:02]} 0-1

[Event "DEM U10 2024"]
[Site "Willingen GER"]
[Date "2024.05.25"]
[Round "11"]
[White "Cremann, Jannis"]
[Black "Alloussi, Arian"]
[Result "1/2-1/2"]
[Termination "normal"]
[Board "12"]
[WhiteElo "1633"]
[BlackElo "1697"]
[WhiteClock "00:19:06"]
[BlackClock "00:02:03"]
[PlyCount "75"]
[WhiteFideId "34660178"]
[BlackFideId "34637788"]
[EventCountry "GER"]
[EventRounds "11"]
[EventType "swiss"]
[EventDate "2024.05.18"]

1. c4 {[%clk 01:15:58]} {[%emt 00:00:01]} e6 {[%clk 01:15:53]} {[%emt
00:00:07]} 2. g3 {[%clk 01:16:15]} {[%emt 00:00:12]} d5 {[%clk 01:16:12]}
{[%emt 00:00:12]} 3. Bg2 {[%clk 01:16:33]} {[%emt 00:00:11]} Nf6 {[%clk
01:14:41]} {[%emt 00:02:02]} 4. Nf3 {[%clk 01:14:17]} {[%emt 00:02:46]} c5
{[%clk 01:11:12]} {[%emt 00:03:59]} 5. O-O {[%clk 01:13:57]} {[%emt 00:00:50]}
Nc6 {[%clk 01:09:49]} {[%emt 00:01:53]} 6. d3 {[%clk 01:13:02]} {[%emt
00:01:25]} Be7 {[%clk 01:07:55]} {[%emt 00:02:24]} 7. a3 {[%clk 01:09:34]}
{[%emt 00:03:59]} O-O {[%clk 01:05:41]} {[%emt 00:02:42]} 8. Nc3 {[%clk
01:09:30]} {[%emt 00:00:35]} Re8 {[%clk 00:59:52]} {[%emt 00:06:18]} 9. Na2
{[%clk 01:07:44]} {[%emt 00:02:17]} h6 {[%clk 00:50:58]} {[%emt 00:09:25]} 10.
Bd2 {[%clk 01:04:58]} {[%emt 00:03:16]} a5 {[%clk 00:46:16]} {[%emt 00:05:12]}
11. Ne1 {[%clk 01:02:35]} {[%emt 00:02:52]} Qb6 {[%clk 00:41:08]} {[%emt
00:05:37]} 12. b3 {[%clk 01:01:28]} {[%emt 00:01:38]} Bf8 {[%clk 00:37:33]}
{[%emt 00:04:05]} 13. e3 {[%clk 00:59:41]} {[%emt 00:02:17]} d4 {[%clk
00:34:03]} {[%emt 00:04:00]} 14. Bxc6 {[%clk 00:58:28]} {[%emt 00:01:43]} Qxc6
{[%clk 00:33:32]} {[%emt 00:01:02]} 15. exd4 {[%clk 00:58:40]} {[%emt
00:00:17]} cxd4 {[%clk 00:33:34]} {[%emt 00:00:28]} 16. b4 {[%clk 00:58:47]}
{[%emt 00:00:23]} e5 {[%clk 00:32:16]} {[%emt 00:01:48]} 17. f3 {[%clk
00:57:32]} {[%emt 00:01:44]} b6 {[%clk 00:27:44]} {[%emt 00:05:03]} 18. b5
{[%clk 00:55:50]} {[%emt 00:02:13]} Qc7 {[%clk 00:26:15]} {[%emt 00:01:49]} 19.
Nc1 {[%clk 00:54:19]} {[%emt 00:02:10]} Bd6 {[%clk 00:23:29]} {[%emt 00:03:16]}
20. Ne2 {[%clk 00:53:48]} {[%emt 00:01:02]} Qb7 {[%clk 00:18:21]} {[%emt
00:05:37]} 21. Qc1 {[%clk 00:45:25]} {[%emt 00:08:53]} Kh7 {[%clk 00:17:32]}
{[%emt 00:01:20]} 22. Qc2 {[%clk 00:42:42]} {[%emt 00:03:12]} Bc5 {[%clk
00:12:58]} {[%emt 00:05:05]} 23. Ng2 {[%clk 00:33:41]} {[%emt 00:09:31]} Bh3
{[%clk 00:11:25]} {[%emt 00:02:03]} 24. Rf2 {[%clk 00:30:58]} {[%emt 00:03:12]}
Rad8 {[%clk 00:07:12]} {[%emt 00:04:43]} 25. Nc1 {[%clk 00:24:50]} {[%emt
00:06:38]} Rd7 {[%clk 00:03:58]} {[%emt 00:03:43]} 26. Nb3 {[%clk 00:24:58]}
{[%emt 00:00:23]} Be7 {[%clk 00:04:13]} {[%emt 00:00:15]} 27. c5 {[%clk
00:24:02]} {[%emt 00:01:26]} Bxc5 {[%clk 00:04:06]} {[%emt 00:00:37]} 28. Nxc5
{[%clk 00:22:32]} {[%emt 00:02:00]} bxc5 {[%clk 00:04:28]} {[%emt 00:00:08]}
29. a4 {[%clk 00:22:32]} {[%emt 00:00:30]} Qb6 {[%clk 00:04:38]} {[%emt
00:00:20]} 30. Rc1 {[%clk 00:22:05]} {[%emt 00:00:57]} Bxg2 {[%clk 00:04:28]}
{[%emt 00:00:40]} 31. Kxg2 {[%clk 00:22:23]} {[%emt 00:00:12]} Rc7 {[%clk
00:04:49]} {[%emt 00:00:09]} 32. Kf1 {[%clk 00:21:55]} {[%emt 00:00:58]} Rec8
{[%clk 00:05:02]} {[%emt 00:00:17]} 33. f4 {[%clk 00:21:33]} {[%emt 00:00:52]}
exf4 {[%clk 00:03:59]} {[%emt 00:01:32]} 34. Bxf4 {[%clk 00:21:53]} {[%emt
00:00:10]} Re7 {[%clk 00:03:47]} {[%emt 00:00:43]} 35. Kg1 {[%clk 00:20:43]}
{[%emt 00:01:40]} Nd5 {[%clk 00:03:03]} {[%emt 00:01:13]} 36. Bd2 {[%clk
00:20:51]} {[%emt 00:00:22]} Rcc7 {[%clk 00:02:27]} {[%emt 00:01:07]} 37. Rf5
{[%clk 00:19:07]} {[%emt 00:02:14]} Red7 {[%clk 00:02:03]} {[%emt 00:00:55]}
38. Qc4 {[%clk 00:19:06]} {[%emt 00:00:30]} 1/2-1/2

[Event "DEM U10 2024"]
[Site "Willingen GER"]
[Date "2024.05.25"]
[Round "11"]
[White "Schmidt, Alexander Nadvid"]
[Black "Braren, Ove Neelis"]
[Result "1-0"]
[Termination "normal"]
[Board "14"]
[WhiteElo "1679"]
[BlackElo "1672"]
[WhiteClock "00:57:29"]
[BlackClock "00:08:53"]
[PlyCount "125"]
[WhiteFideId "34661360"]
[BlackFideId "34663770"]
[EventCountry "GER"]
[EventRounds "11"]
[EventType "swiss"]
[EventDate "2024.05.18"]

1. e4 {[%clk 01:15:57]} {[%emt 00:00:02]} e5 {[%clk 01:15:57]} {[%emt
00:00:03]} 2. Nf3 {[%clk 01:16:23]} {[%emt 00:00:04]} Nc6 {[%clk 01:16:25]}
{[%emt 00:00:03]} 3. Nc3 {[%clk 01:16:22]} {[%emt 00:00:30]} Nf6 {[%clk
01:16:50]} {[%emt 00:00:05]} 4. Bb5 {[%clk 01:16:46]} {[%emt 00:00:06]} Bd6
{[%clk 01:17:14]} {[%emt 00:00:06]} 5. O-O {[%clk 01:16:47]} {[%emt 00:00:29]}
O-O {[%clk 01:17:39]} {[%emt 00:00:06]} 6. d3 {[%clk 01:17:10]} {[%emt
00:00:06]} h6 {[%clk 01:17:45]} {[%emt 00:00:24]} 7. Ne2 {[%clk 01:16:42]}
{[%emt 00:00:58]} a6 {[%clk 01:17:38]} {[%emt 00:00:38]} 8. Bxc6 {[%clk
01:16:56]} {[%emt 00:00:16]} dxc6 {[%clk 01:17:47]} {[%emt 00:00:21]} 9. h3
{[%clk 01:17:18]} {[%emt 00:00:07]} Re8 {[%clk 01:17:36]} {[%emt 00:00:41]} 10.
Ng3 {[%clk 01:17:40]} {[%emt 00:00:08]} Be6 {[%clk 01:12:14]} {[%emt 00:05:53]}
11. d4 {[%clk 01:17:53]} {[%emt 00:00:15]} Nh7 {[%clk 01:10:46]} {[%emt
00:02:00]} 12. dxe5 {[%clk 01:18:10]} {[%emt 00:00:13]} Bc5 {[%clk 01:10:23]}
{[%emt 00:00:52]} 13. Qxd8 {[%clk 01:18:07]} {[%emt 00:00:33]} Raxd8 {[%clk
01:10:51]} {[%emt 00:00:02]} 14. b3 {[%clk 01:18:25]} {[%emt 00:00:12]} Bd4
{[%clk 01:07:58]} {[%emt 00:03:23]} 15. Nxd4 {[%clk 01:18:27]} {[%emt
00:00:28]} Rxd4 {[%clk 01:08:25]} {[%emt 00:00:03]} 16. Be3 {[%clk 01:18:42]}
{[%emt 00:00:14]} Rdd8 {[%clk 01:08:02]} {[%emt 00:00:54]} 17. f4 {[%clk
01:18:57]} {[%emt 00:00:15]} Bc8 {[%clk 01:07:39]} {[%emt 00:00:54]} 18. Nf5
{[%clk 01:17:13]} f6 {[%clk 01:07:26]} {[%emt 00:02:57]} 19. Ng3 fxe5 20. fxe5
{[%clk 01:16:31]} {[%emt 00:00:11]} Rxe5 {[%clk 01:07:51]} {[%emt 00:00:07]}
21. Bf4 {[%clk 01:16:49]} {[%emt 00:00:11]} Ree8 {[%clk 01:07:11]} {[%emt
00:01:11]} 22. Bxc7 {[%clk 01:16:36]} {[%emt 00:00:43]} Rd7 {[%clk 01:07:26]}
{[%emt 00:00:16]} 23. Bb6 {[%clk 01:16:27]} {[%emt 00:00:39]} Nf6 {[%clk
01:05:53]} {[%emt 00:02:03]} 24. Rae1 {[%clk 01:14:57]} {[%emt 00:01:58]} Rde7
{[%clk 01:05:49]} {[%emt 00:00:34]} 25. Bc5 {[%clk 01:15:06]} {[%emt 00:00:22]}
Re6 {[%clk 01:02:27]} {[%emt 00:03:52]} 26. Rf2 {[%clk 01:15:21]} {[%emt
00:00:13]} Nd7 {[%clk 00:48:14]} {[%emt 00:14:45]} 27. Bd4 {[%clk 01:13:37]}
{[%emt 00:02:06]} Ne5 {[%clk 00:46:25]} {[%emt 00:02:27]} 28. Nf5 {[%clk
01:08:11]} {[%emt 00:05:56]} Rf6 {[%clk 00:39:31]} {[%emt 00:07:24]} 29. Rfe2
{[%clk 01:04:45]} {[%emt 00:03:56]} Rg6 {[%clk 00:36:13]} {[%emt 00:03:47]} 30.
Kf2 {[%clk 01:01:57]} {[%emt 00:03:15]} Rf6 {[%clk 00:33:46]} {[%emt 00:03:00]}
31. Kg3 {[%clk 01:01:33]} {[%emt 00:00:52]} Rg6+ {[%clk 00:33:09]} {[%emt
00:01:09]} 32. Kf4 {[%clk 00:59:33]} {[%emt 00:02:30]} Rf6 {[%clk 00:30:34]}
{[%emt 00:03:07]} 33. Bxe5 {[%clk 00:59:39]} {[%emt 00:00:23]} g5+ {[%clk
00:30:56]} {[%emt 00:00:08]} 34. Ke3 {[%clk 00:59:03]} {[%emt 00:01:02]} Rxe5
{[%clk 00:30:34]} {[%emt 00:00:56]} 35. Kd4 {[%clk 00:59:01]} {[%emt 00:00:31]}
Re8 {[%clk 00:28:35]} {[%emt 00:02:29]} 36. g4 {[%clk 00:59:10]} {[%emt
00:00:22]} b6 {[%clk 00:22:25]} {[%emt 00:06:40]} 37. e5 {[%clk 00:57:09]}
{[%emt 00:02:30]} Rfe6 {[%clk 00:20:54]} {[%emt 00:02:02]} 38. Kc4 {[%clk
00:57:21]} {[%emt 00:00:17]} a5 {[%clk 00:18:08]} {[%emt 00:03:18]} 39. Kc3
{[%clk 00:55:38]} {[%emt 00:02:12]} Ba6 {[%clk 00:16:11]} {[%emt 00:02:27]} 40.
Re3 {[%clk 00:54:29]} {[%emt 00:01:39]} Bb7 {[%clk 00:12:17]} {[%emt 00:04:25]}
41. Nd6 {[%clk 00:50:07]} {[%emt 00:04:51]} R8e7 {[%clk 00:12:37]} {[%emt
00:00:10]} 42. Nc4 {[%clk 00:48:18]} {[%emt 00:02:18]} c5 {[%clk 00:12:03]}
{[%emt 00:01:05]} 43. Nd6 {[%clk 00:48:06]} {[%emt 00:00:41]} Bc6 {[%clk
00:10:34]} {[%emt 00:02:00]} 44. Kc4 {[%clk 00:47:18]} {[%emt 00:01:16]} Kh7
{[%clk 00:09:37]} {[%emt 00:01:29]} 45. c3 {[%clk 00:44:46]} {[%emt 00:03:02]}
Kg6 {[%clk 00:08:09]} {[%emt 00:01:58]} 46. a3 {[%clk 00:45:07]} {[%emt
00:00:09]} h5 {[%clk 00:08:21]} {[%emt 00:00:17]} 47. b4 {[%clk 00:45:19]}
{[%emt 00:00:20]} axb4 {[%clk 00:07:55]} {[%emt 00:00:56]} 48. axb4 {[%clk
00:45:40]} {[%emt 00:00:09]} cxb4 {[%clk 00:07:30]} {[%emt 00:00:55]} 49. cxb4
{[%clk 00:46:00]} {[%emt 00:00:10]} hxg4 {[%clk 00:04:55]} {[%emt 00:03:04]}
50. hxg4 {[%clk 00:46:23]} {[%emt 00:00:07]} Ra7 {[%clk 00:02:59]} {[%emt
00:02:26]} 51. Nf5 {[%clk 00:46:30]} {[%emt 00:00:23]} Rc7 {[%clk 00:01:26]}
{[%emt 00:02:01]} 52. Nd4 {[%clk 00:44:49]} {[%emt 00:02:12]} Bd7+ {[%clk
00:15:06]} {[%emt 00:01:51]} 53. Kd5 {[%clk 00:59:41]} {[%emt 00:00:37]} Re8
{[%clk 00:14:15]} {[%emt 00:01:22]} 54. e6 {[%clk 00:59:38]} {[%emt 00:00:32]}
Bc8 {[%clk 00:13:56]} {[%emt 00:00:51]} 55. Nf5 {[%clk 00:55:13]} {[%emt
00:04:53]} Kf6 {[%clk 00:10:09]} {[%emt 00:04:17]} 56. Nd6 {[%clk 00:55:21]}
{[%emt 00:00:22]} Bxe6+ {[%clk 00:08:03]} {[%emt 00:02:37]} 57. Rxe6+ {[%clk
00:55:43]} {[%emt 00:00:08]} Rxe6 {[%clk 00:08:27]} {[%emt 00:00:06]} 58. Rxe6+
{[%clk 00:56:08]} {[%emt 00:00:05]} Kg7 {[%clk 00:08:51]} {[%emt 00:00:06]} 59.
Nf5+ {[%clk 00:56:19]} {[%emt 00:00:18]} Kf7 {[%clk 00:09:09]} {[%emt
00:00:14]} 60. Rxb6 {[%clk 00:56:44]} {[%emt 00:00:05]} Rc2 {[%clk 00:08:51]}
{[%emt 00:00:47]} 61. b5 {[%clk 00:57:00]} {[%emt 00:00:14]} Rg2 {[%clk
00:09:05]} {[%emt 00:00:17]} 62. Rb8 {[%clk 00:57:17]} {[%emt 00:00:12]} Rxg4
{[%clk 00:08:53]} {[%emt 00:00:42]} 63. Nh6+ {[%clk 00:57:29]} {[%emt
00:00:18]} 1-0

[Event "DEM U10 2024"]
[Site "Willingen GER"]
[Date "2024.05.25"]
[Round "11"]
[White "Liu, Jonas"]
[Black "Katzenstein, Alexander"]
[Result "1-0"]
[Termination "normal"]
[Board "15"]
[WhiteElo "1632"]
[BlackElo "1275"]
[WhiteClock "01:08:44"]
[BlackClock "01:08:33"]
[PlyCount "45"]
[WhiteFideId "34660941"]
[BlackFideId "34696822"]
[EventCountry "GER"]
[EventRounds "11"]
[EventType "swiss"]
[EventDate "2024.05.18"]

1. e4 {[%clk 01:15:53]} {[%emt 00:00:06]} c5 {[%clk 01:15:51]} {[%emt
00:00:10]} 2. Nf3 {[%clk 01:15:53]} {[%emt 00:00:28]} d6 {[%clk 01:16:14]}
{[%emt 00:00:08]} 3. d4 {[%clk 01:16:04]} {[%emt 00:00:18]} cxd4 {[%clk
01:16:39]} {[%emt 00:00:06]} 4. Nxd4 {[%clk 01:16:22]} {[%emt 00:00:12]} Nf6
{[%clk 01:17:01]} {[%emt 00:00:07]} 5. Nc3 {[%clk 01:16:26]} {[%emt 00:00:27]}
g6 {[%clk 01:17:23]} {[%emt 00:00:08]} 6. f3 {[%clk 01:16:34]} {[%emt
00:00:21]} Bg7 {[%clk 01:17:25]} {[%emt 00:00:28]} 7. Be3 {[%clk 01:16:02]}
{[%emt 00:01:04]} O-O {[%clk 01:17:36]} {[%emt 00:00:18]} 8. Qd2 {[%clk
01:16:21]} {[%emt 00:00:11]} Nc6 {[%clk 01:17:22]} {[%emt 00:00:45]} 9. O-O-O
{[%clk 01:16:25]} {[%emt 00:00:24]} Nxd4 {[%clk 01:16:37]} {[%emt 00:01:16]}
10. Bxd4 {[%clk 01:16:28]} {[%emt 00:00:27]} Be6 {[%clk 01:15:33]} {[%emt
00:01:33]} 11. g4 {[%clk 01:16:07]} {[%emt 00:00:52]} a5 {[%clk 01:14:30]}
{[%emt 00:01:32]} 12. h4 {[%clk 01:15:39]} {[%emt 00:00:58]} a4 {[%clk
01:13:39]} {[%emt 00:01:22]} 13. h5 {[%clk 01:15:45]} {[%emt 00:00:23]} Bd7
{[%clk 01:11:57]} {[%emt 00:02:13]} 14. Be3 {[%clk 01:14:09]} {[%emt 00:02:05]}
Rb8 {[%clk 01:10:55]} {[%emt 00:01:33]} 15. Bh6 {[%clk 01:13:16]} {[%emt
00:01:23]} b5 {[%clk 01:10:34]} {[%emt 00:00:51]} 16. Bxg7 {[%clk 01:13:33]}
{[%emt 00:00:13]} Kxg7 {[%clk 01:10:57]} {[%emt 00:00:07]} 17. hxg6 {[%clk
01:13:56]} {[%emt 00:00:07]} fxg6 {[%clk 01:11:13]} {[%emt 00:00:15]} 18. Qh6+
{[%clk 01:14:14]} {[%emt 00:00:12]} Kf7 {[%clk 01:09:53]} {[%emt 00:01:50]} 19.
g5 {[%clk 01:12:09]} {[%emt 00:02:34]} Rh8 {[%clk 01:08:31]} {[%emt 00:01:51]}
20. gxf6 {[%clk 01:11:59]} {[%emt 00:00:40]} exf6 {[%clk 01:08:52]} {[%emt
00:00:11]} 21. Rxd6 {[%clk 01:09:32]} {[%emt 00:02:56]} Qc7 {[%clk 01:09:05]}
{[%emt 00:00:17]} 22. Rxf6+ {[%clk 01:09:29]} {[%emt 00:00:33]} Ke8 {[%clk
01:08:33]} {[%emt 00:01:02]} 23. Qg7 {[%clk 01:08:44]} {[%emt 00:01:15]} 1-0